[Event "POR-chT"]
[Site "Vila Nova de Gaia"]
[Date "2004.08.04"]
[Round "3.4"]
[White "Diogo, Vasco Andre Marcalo"]
[Black "Camejo Almeida, Rui"]
[Result "1/2-1/2"]
[WhiteElo "2109"]
[BlackElo "2290"]
[PlyCount "120"]
[EventDate "2004.08.02"]
[EventType "team"]
[EventRounds "7"]
[EventCountry "POR"]
[SourceTitle "EXT 2005"]
[Source "ChessBase"]
[SourceDate "2004.11.15"]
[SourceVersion "1"]
[SourceVersionDate "2004.11.15"]
[SourceQuality "1"]
[WhiteTeam "08"]
[BlackTeam "04"]
[WhiteTeamCountry "POR"]
[BlackTeamCountry "POR"]

1. d4 d5 2. c4 e6 3. Nf3 Nf6 4. Bg5 c6 5. e3 Nbd7 6. Nbd2 h6 7. Bh4 Bd6 8. Be2 0-0 9. 0-0 e5 10. dxe5 Nxe5 11. cxd5 cxd5 12. Qb3 Be6 13. Nd4 Qe7 14. Rac1 Ng6 15. Bg3 Bxg3 16. hxg3 Rac8 17. N2f3 a6 18. Bd3 Rxc1 19. Rxc1 Rc8 20. Rxc8+ Bxc8 21. Qc2 Qe8 22. Nf5 Bxf5 23. Bxf5 Ne7 24. Bd3 Nc6 25. Qc5 Qd7 26. Nd4 Nxd4 27. Qxd4 Qc6 28. f3 h5 29. Kh2 Qc7 30. Bf5 b6 31. b3 a5 32. a4 Kf8 33. b4 axb4 34. Qxb4+ Kg8 35. Qd4 Kf8 36. Bd3 Ke7 37. Bb5 Qd6 38. Kh3 g5 39. Be2 g4+ 40. Kh2 h4 41. Qf4 Qxf4 42. gxf4 Kd6 43. fxg4 Ne4 44. Kh3 Nc3 45. Bb5 Nd1 46. Kxh4 Nxe3 47. Kg3 f6 48. Kf3 Nd1 49. Bd3 Nc3 50. Bc2 Na2 51. g5 fxg5 52. fxg5 Ke5 53. g6 Kf6 54. Ke3 Nb4 55. Bd1 Nc6 56. g4 Na7 57. g5+ Kg7 58. Kd4 b5 59. a5 Nc6+ 60. Kxd5 Nxa5 1/2-1/2

[Event "POR Cup fin"]
[Site "Canecas"]
[Date "2003.11.02"]
[Round "2.3"]
[White "Camejo Almeida, Rui"]
[Black "Diogo, Vasco Andre Marcalo"]
[Result "1-0"]
[WhiteElo "2290"]
[BlackElo "2109"]
[PlyCount "117"]
[EventDate "2003.11.02"]
[EventType "team-tourn"]
[EventRounds "1"]
[EventCountry "POR"]
[SourceTitle "EXT 2008"]
[Source "ChessBase"]
[SourceDate "2007.11.25"]
[SourceVersion "1"]
[SourceVersionDate "2007.11.25"]
[SourceQuality "1"]

1. Nf3 d5 2. c4 c6 3. e3 Nf6 4. b3 Bg4 5. Bb2 e6 6. Be2 Nbd7 7. 0-0 Bd6 8. d3 e5 9. h3 Bh5 10. Nc3 Qe7 11. cxd5 Nxd5 12. Ne4 Ba3 13. Bxa3 Qxa3 14. Nh4 Bg6 15. Nxg6 hxg6 16. Qc2 Qe7 17. Rfc1 0-0 18. Nc5 Nxc5 19. Qxc5 Qxc5 20. Rxc5 Rad8 21. a3 Rfe8 22. b4 a6 23. Rac1 f5 24. Kf1 Kf7 25. Bd1 Kf6 26. Bb3 Re7 27. Ke2 Red7 28. Rb1 Nc7 29. Bc2 Rd5 30. Rc4 Nb5 31. Rb3 Nd6 32. Rc5 Rd7 33. a4 Rxc5 34. bxc5 Nc8 35. Rb4 Ne7 36. e4 f4 37. Kd2 Ng8 38. Bd1 Nh6 39. Kc3 g5 40. d4 Nf7 41. Bg4 exd4+ 42. Rxd4 Re7 43. Rd7 Rxd7 44. Bxd7 Ke5 45. f3 Nd8 46. a5 Ne6 47. Kc4 Nd4 48. Bc8 Nc2 49. Bxb7 Ne3+ 50. Kd3 Nxg2 51. Bxa6 Ne1+ 52. Ke2 Nc2 53. Bb7 Ke6 54. a6 Nd4+ 55. Kd3 Nb5 56. Bxc6 Na7 57. Bd5+ Kd7 58. Kd4 Ke7 59. Ke5 1-0

[Event "Lisbon op"]
[Site "Lisbon"]
[Date "2001.08.26"]
[Round "6"]
[White "De Leon Justo, Alejandro"]
[Black "Camejo Almeida, Rui"]
[Result "1/2-1/2"]
[WhiteElo "2054"]
[BlackElo "2288"]
[PlyCount "178"]
[EventDate "2001.08.21"]
[EventType "swiss"]
[EventRounds "9"]
[EventCountry "POR"]
[SourceTitle "EXT 2002"]
[Source "ChessBase"]
[SourceDate "2001.11.25"]
[SourceVersion "1"]
[SourceVersionDate "2001.11.25"]
[SourceQuality "1"]

1. e4 c5 2. Nf3 d6 3. d4 cxd4 4. Nxd4 Nf6 5. Nc3 a6 6. f4 Qb6 7. a3 Nc6 8. Nb3 e6 9. Qf3 Qc7 10. Bd3 Be7 11. 0-0 0-0 12. Bd2 b5 13. Rae1 Bb7 14. Qh3 Rfe8 15. g4 b4 16. Nd1 bxa3 17. e5 dxe5 18. fxe5 Nxe5 19. Rxe5 Qxe5 20. Rxf6 Be4 21. Bc3 Qd5 22. Bxe4 Qxe4 23. Qf3 Qxf3 24. Rxf3 Red8 25. Nf2 a2 26. Rf4 Bf6 27. Bxf6 gxf6 28. Ra4 Rac8 29. Na1 Rc6 30. Rxa2 Kg7 31. c3 Rd2 32. Nb3 Rc2 33. Nd4 Rc1+ 34. Kg2 Rb6 35. Nd3 Rd1 36. Nc5 Rd2+ 37. Kg3 Rbxb2 38. Rxb2 Rxb2 39. Nxa6 Ra2 40. Nc7 Kg6 41. Ncb5 Ra1 42. Nd6 Rg1+ 43. Kf3 Rh1 44. Kg3 Rc1 45. Ne2 Rc2 46. Kf3 h5 47. Nf4+ Kh7 48. Nxh5 Rxc3+ 49. Kf2 Kg6 50. Nf4+ Kh6 51. Nxf7+ Kg7 52. Nd6 e5 53. Nf5+ Kf7 54. Nd5 Ra3 55. Nde3 Kg6 56. Kg3 Rb3 57. h4 Ra3 58. Kf3 Ra4 59. Ke2 Rb4 60. Kd3 Ra4 61. Ke2 Rb4 62. Kf3 Ra4 63. Nd6 Ra3 64. Ne4 Ra6 65. Nd5 Ra3+ 66. Ke2 Ra2+ 67. Kd3 Ra3+ 68. Kc2 Rh3 69. h5+ Rxh5 70. gxh5+ Kxh5 71. Ndxf6+ Kg6 72. Kd3 Kf5 73. Nd5 Ke6 74. Ne3 Ke7 75. Kc4 Ke6 76. Kc5 Ke7 77. Kd5 Kd7 78. Nf5 Kc7 79. Ke6 Kc6 80. Ne7+ Kc7 81. Kf6 Kd7 82. Kf7 Kc7 83. Ke6 Kb6 84. Kd5 Kc7 85. Nc6 Kd7 86. Kc5 Kc7 87. Nf6 e4 88. Nd5+ Kd7 89. Ne3 Ke6 1/2-1/2

[Event "Burgas op 10th"]
[Site "Burgas"]
[Date "2001.??.??"]
[Round "4"]
[White "Saborido Bua, Jorge"]
[Black "Camejo Almeida, Rui"]
[Result "0-1"]
[WhiteElo "2057"]
[BlackElo "2289"]
[PlyCount "56"]
[EventDate "2001.??.??"]
[EventType "swiss"]
[EventRounds "9"]
[EventCountry "ESP"]
[SourceTitle "EXT 2002"]
[Source "ChessBase"]
[SourceDate "2001.11.25"]
[SourceVersion "1"]
[SourceVersionDate "2001.11.25"]
[SourceQuality "1"]

1. e4 c5 2. Nf3 d6 3. d4 cxd4 4. Nxd4 Nf6 5. Nc3 a6 6. g3 e5 7. Nde2 Qc7 8. Bg5 Nbd7 9. Bg2 Be7 10. 0-0 h6 11. Be3 b5 12. a3 Nb6 13. b3 Bb7 14. h3 0-0 15. f4 Rac8 16. Qc1 Nbd7 17. f5 Kh7 18. g4 Nc5 19. Nd5 Bxd5 20. exd5 Nce4 21. Ra2 Bd8 22. h4 Nc3 23. Nxc3 Qxc3 24. g5 Ng4 25. g6+ Kh8 26. Rf3 Nxe3 27. Rxe3 Bb6 28. Kf2 fxg6 0-1

[Event "Porto op 12th"]
[Site "Porto"]
[Date "2000.07.29"]
[Round "8"]
[White "Rocha, Sergio MC"]
[Black "Camejo Almeida, Rui"]
[Result "1/2-1/2"]
[WhiteElo "2374"]
[BlackElo "2270"]
[PlyCount "71"]
[EventDate "2000.07.22"]
[EventType "swiss"]
[EventRounds "9"]
[EventCountry "POR"]
[SourceTitle "EXT 2001"]
[Source "ChessBase"]
[SourceDate "2000.11.22"]
[SourceVersion "1"]
[SourceVersionDate "2000.11.22"]
[SourceQuality "1"]

1. e4 c5 2. Nf3 e6 3. d4 cxd4 4. Nxd4 a6 5. Bd3 b5 6. 0-0 Qb6 7. Nb3 Nc6 8. a4 bxa4 9. Rxa4 Nb4 10. Be3 Qc7 11. Nc3 Rb8 12. Be2 Nf6 13. Qd2 Bb7 14. Bf3 Bc6 15. Raa1 d6 16. Rfe1 Be7 17. Bf4 e5 18. Bg5 h6 19. Be3 0-0 20. Na5 Ba8 21. b3 Rfd8 22. Nc4 d5 23. exd5 Nbxd5 24. Nxd5 Nxd5 25. Qc1 Nxe3 26. Qxe3 Bc5 27. Qe2 Bb4 28. Red1 e4 29. Rxd8+ Rxd8 30. Bxe4 Re8 31. Bh7+ Kf8 32. Qh5 Qc6 33. Qh3 Qf6 34. Rf1 g6 35. Qxh6+ Ke7 36. Qh3 1/2-1/2

[Event "POR-ch sf"]
[Site "Faro"]
[Date "1998.??.??"]
[Round "4"]
[White "Boino, Claudio N Vigidal"]
[Black "Camejo Almeida, Rui"]
[Result "0-1"]
[WhiteElo "2120"]
[BlackElo "2295"]
[PlyCount "58"]
[EventDate "1998.??.??"]
[EventType "swiss"]
[EventRounds "9"]
[EventCountry "POR"]
[SourceTitle "EXT 2000"]
[Source "ChessBase"]
[SourceDate "1999.11.16"]
[SourceVersion "1"]
[SourceVersionDate "1999.11.16"]
[SourceQuality "1"]

1. e4 c5 2. Nf3 d6 3. d4 cxd4 4. Nxd4 Nf6 5. Nc3 a6 6. Bc4 e6 7. Be3 b5 8. Bb3 Bb7 9. 0-0 b4 10. Na4 Bxe4 11. f4 Nbd7 12. c3 bxc3 13. Nxc3 Bb7 14. f5 e5 15. Ne6 fxe6 16. fxe6 Nc5 17. Ba4+ Ke7 18. Bg5 Nxa4 19. Nxa4 Kxe6 20. Bxf6 gxf6 21. Qg4+ Ke7 22. Rxf6 Kxf6 23. Rf1+ Ke7 24. Qc4 Kd7 25. Rc1 Qa5 26. Qb3 Rb8 27. Qh3+ Kd8 28. b3 Be7 29. Qe3 Rg8 0-1

[Event "POR-ch sf"]
[Site "Faro"]
[Date "1998.??.??"]
[Round "9"]
[White "Camejo Almeida, Rui"]
[Black "Fernando, Diogo"]
[Result "1/2-1/2"]
[WhiteElo "2295"]
[BlackElo "2125"]
[PlyCount "22"]
[EventDate "1998.??.??"]
[EventType "swiss"]
[EventRounds "9"]
[EventCountry "POR"]
[SourceTitle "EXT 2000"]
[Source "ChessBase"]
[SourceDate "1999.11.16"]
[SourceVersion "1"]
[SourceVersionDate "1999.11.16"]
[SourceQuality "1"]

1. e4 e5 2. Nf3 Nf6 3. Nxe5 d6 4. Nf3 Nxe4 5. Qe2 Qe7 6. d3 Nf6 7. Bg5 Qxe2+ 8. Bxe2 Be7 9. 0-0 c6 10. Nc3 Na6 11. d4 Nc7 1/2-1/2

[Event "Porto-ch"]
[Site "Porto"]
[Date "1996.??.??"]
[Round "?"]
[White "Camejo Almeida, Rui"]
[Black "Silva, Antonio Augusto MC"]
[Result "1-0"]
[WhiteElo "2295"]
[BlackElo "2165"]
[PlyCount "57"]
[EventDate "1996.??.??"]
[EventType "swiss"]
[EventRounds "5"]
[EventCountry "POR"]
[SourceTitle "EXT 2001"]
[Source "ChessBase"]
[SourceDate "2000.11.22"]
[SourceVersion "1"]
[SourceVersionDate "2000.11.22"]
[SourceQuality "1"]

1. d4 g6 2. c4 Bg7 3. g3 f5 4. Bg2 Nf6 5. Nf3 0-0 6. Nc3 d6 7. 0-0 Qe8 8. d5 c6 9. Nd4 Bd7 10. Rb1 Na6 11. dxc6 bxc6 12. b3 Rb8 13. Ba3 Nc7 14. Qd2 h6 15. e4 fxe4 16. Nxe4 Nxe4 17. Bxe4 c5 18. Ne2 Bf5 19. Bxf5 Rxf5 20. Bb2 Bxb2 21. Rxb2 Qf8 22. f4 h5 23. g4 Rf7 24. gxh5 gxh5 25. Kh1 Rg7 26. Ng3 h4 27. Nh5 Rg6 28. f5 Qf7 29. Qf4 1-0

[Event "POR-chB"]
[Site "Portugal"]
[Date "1993.??.??"]
[Round "9"]
[White "Camejo Almeida, Rui"]
[Black "Ribeiro, Fernando"]
[Result "1/2-1/2"]
[WhiteElo "2270"]
[BlackElo "2180"]
[PlyCount "49"]
[EventDate "1993.??.??"]
[EventType "tourn"]
[EventRounds "9"]
[EventCountry "POR"]
[EventCategory "2"]
[SourceTitle "TD"]
[Source "ChessBase"]
[SourceDate "1994.03.01"]
[SourceVersion "1"]
[SourceVersionDate "1994.03.01"]
[SourceQuality "1"]

1. d4 Nf6 2. c4 b6 3. Nf3 Bb7 4. g3 e6 5. Bg2 Bb4+ 6. Bd2 c5 7. 0-0 Bxd2 8. Qxd2 cxd4 9. Qxd4 0-0 10. Nc3 Nc6 11. Qf4 a6 12. Rfd1 Qb8 13. Qh4 Qc7 14. Rac1 Ne7 15. b3 Rfd8 16. Bh3 h6 17. Qd4 d6 18. Qe3 Qc5 19. Rd4 Bxf3 20. exf3 Nc6 21. Rd2 Qxe3 22. fxe3 Kf8 23. Kg2 Ke7 24. f4 Rac8 25. Na4 1/2-1/2